Present-day Russian psychology; (Record no. 2921)

000 -LEADER
fixed length control field 01632cam a22003491 4500
001 - CONTROL NUMBER
control field 2024158
003 - CONTROL NUMBER IDENTIFIER
control field OSt
005 - DATE AND TIME OF LATEST TRANSACTION
control field 20170105101204.0
008 - FIXED-LENGTH DATA ELEMENTS--GENERAL INFORMATION
fixed length control field 711020s1966 enk b 000 0 eng
010 ## - LIBRARY OF CONGRESS CONTROL NUMBER
LC control number 66025316 //r86
015 ## - NATIONAL BIBLIOGRAPHY NUMBER
National bibliography number GB67-6056
035 ## - SYSTEM CONTROL NUMBER
System control number (OCoLC)ocm00191651
035 ## - SYSTEM CONTROL NUMBER
System control number (NNC)2024158
040 ## - CATALOGING SOURCE
Original cataloging agency DLC
Transcribing agency DLC
Modifying agency UKM
-- ZCU
043 ## - GEOGRAPHIC AREA CODE
Geographic area code e-ur---
050 0# - LIBRARY OF CONGRESS CALL NUMBER
Classification number BF108.R8
Item number O3
082 ## - DEWEY DECIMAL CLASSIFICATION NUMBER
Classification number 150/.9/47
090 ## - LOCALLY ASSIGNED LC-TYPE CALL NUMBER (OCLC); LOCAL CALL NUMBER (RLIN)
Classification number (OCLC) (R) ; Classification number, CALL (RLIN) (NR) BF108.R8
Local cutter number (OCLC) ; Book number/undivided call number, CALL (RLIN) Oc5
100 1# - MAIN ENTRY--PERSONAL NAME
Personal name O'Connor, Neil.
245 10 - TITLE STATEMENT
Title Present-day Russian psychology;
Statement of responsibility, etc. a symposium by seven authors, edited by Neil O'Connor.
250 ## - EDITION STATEMENT
Edition statement [1st ed.]
260 ## - PUBLICATION, DISTRIBUTION, ETC.
Place of publication, distribution, etc. Oxford,
-- New York,
Name of publisher, distributor, etc. Pergamon Press
Date of publication, distribution, etc. [1966]
300 ## - PHYSICAL DESCRIPTION
Extent xv, 201 p.
Dimensions 20 cm.
490 1# - SERIES STATEMENT
Series statement The Commonwealth and international library. Mental health and social medicine division
504 ## - BIBLIOGRAPHY, ETC. NOTE
Bibliography, etc. note Includes bibliographies.
505 0# - FORMATTED CONTENTS NOTE
Formatted contents note Editor's introduction.--Attention, consciousness, and voluntary control of behaviour in Soviet psychology; philosophical roots and research branches, by J. A. Gray.--Psychotherapy in the Soviet Union, by B. H. Kirman.--Some statistical and cybernetic models in recent Soviet psychology, by P. M. A. Rabbitt.--Abnormal psychology in the U.S.S.R., by R. Lynn.--Soviet psycholinguistics, by D. I. Slobin.--Studies on the mental development of the child, by L. Rahmani.--Contemporary Soviet psychology, by J. Brožek.
650 #0 - SUBJECT ADDED ENTRY--TOPICAL TERM
Topical term or geographic name entry element Psychology
Geographic subdivision Soviet Union
General subdivision History.
650 #0 - SUBJECT ADDED ENTRY--TOPICAL TERM
Topical term or geographic name entry element Psychology
General subdivision Study and teaching
Geographic subdivision Soviet Union.
830 #0 - SERIES ADDED ENTRY--UNIFORM TITLE
Uniform title Commonwealth and international library.
Name of part/section of a work Mental health and social medicine division.
942 ## - ADDED ENTRY ELEMENTS (KOHA)
Source of classification or shelving scheme
Koha item type Book
Holdings
Withdrawn status Lost status Source of classification or shelving scheme Damaged status Not for loan Collection code Permanent Location Current Location Shelving location Date acquired Total Checkouts Full call number Barcode Date last seen Price effective from Koha item type
            Central Library (CL) Central Library (CL) General Stacks 03/25/2016   150/.9/47 PRE S3H-N-249 03/25/2016 03/25/2016 Book
© 2023 Central Library, National University of Sciences and Technology. All Rights Reserved.